Responses for show #8074 - Thursday, October 17, 2019

Contestants

[<< previous game]

Daryn Firicano, a clinical representative from Las Vegas, Nevada

Laura Blazyk, a librarian from Seattle, Washington

Ed Condon, a retired business intelligence manager from Hastings-on-Hudson, New York (whose 2-day cash winnings total $73,600)

[next game >>]

Jeopardy! Round responses

LEGAL BRIEFS
'60s POP CULTURE
THE NONFICTION BOOK'S SUBTITLE
4-WORD EXCHANGE
HISTORIC NAMES
ENFANTS TERRIBLES
    $200 14
(Laura: What is slander?)

libel

LauraDaryn
    $200 10
Helter Skelter

Laura
    $200 16
birds of a feather

Ed
    $200 1
(Edmund) Hillary

Ed
    $200 17
a mobile

Ed
    $400 15
(Ed: Oh. Who is Stone?)
...
(Alex: How quickly we have forgotten [*].)
[Laughter]

Michael Cohen

Ed
Triple Stumper
    $400 26
G.I. Joe

Laura
    $400 9
Freakonomics

Ed
    $400 19
Dont ask, don't tell

Ed
    $400 2
Cort├ęs

Daryn
    $400 18
apples & grapes

Daryn
    $600 25
diplomatic immunity

Daryn
    $600 11
Hair

Laura
    $600 8
(Ed: What is Unbreakable?)

Unbroken

EdLaura
    $600 20
First come, first serve

Triple Stumper
    $600 3
Amerigo Vespucci

Ed
    $800 24
Clarence Darrow

Ed
    $800 12
Rolling Stone

Ed
    $800 6
Lean In

Laura
    $800 21
As You Like It

Daryn
    $800 4
Cicero

Daryn
    $800 28
[The end-of-round signal sounds.]

diaper rash

Ed
    $1000 23
(Alex: Right, less than a minute now.)

Separate but equal

Laura
    $1000 13
Katharine Hepburn

Ed
    $1,000 7
(Laura: Hmm...)
(Alex: Say something.)
(Laura: I don't know.)

He's Just Not That Into You

Laura
    $1000 22
(Daryn: What is set it and forget it?)
(Ed: What is as seen on TV?)
...
[Alex gives the correct response looking directly into the camera, eliciting audience laughter.]

but wait, there's more

EdDaryn
Triple Stumper
    $1000 5
(Ed: Who is Medgar Evans?)

(Medgar) Evers

EdDaryn
    $1000 27
a time-out

Laura

Scores at the first commercial break (after clue 15):

Ed Laura Daryn
$1,000 $1,000 $2,400

Scores at the end of the Jeopardy! Round:

Ed Laura Daryn
$2,400 $3,400 $3,200

Double Jeopardy! Round responses

MAGIC & ILLUSION
TV-POURRI
SELF-PORTRAIT OF THE ARTIST
"OB"SCURE WORDS
PUT THE ASTRONAUTS ON THE MISSION
LANGUAGE ISOLATES
(Alex: Isolate is a language with no known relatives.)
    $400 23
Houdini

Daryn
    $400 6
Daredevil

Daryn
    $400 24
the Colosseum

Ed
    $400 19
obelisk

Daryn
    $400 1
Basque

Ed
    $800 21
Teller

Daryn
    $800 20
Adam

Daryn
    $800 12
(Andy) Warhol

Ed
    $800 17
obfuscate

Ed
    $2,800 2
(Ed: What is... Assyrian?)

Sumerian

Ed
    $1200 8
(Alex: Yep, it pays to live in Las Vegas, doesn't it?)

Copperfield

Daryn
    $1200 13
Downton Abbey

Laura
    $2,000 11
van Dyck

Ed
    $1200 16
obsequious

Daryn
    $1200 27
[The end-of-round signal sounds.]

Apollo 13

Daryn
    $1200 3
(Ed: What is... Saskatchewan?)
(Daryn: What is Manitoba?)
(Laura: What is... - N--I don't know.)

British Columbia

EdLauraDaryn
Triple Stumper
    $1600 7
(David) Blaine

Daryn
    $1600 18
Big Brother

Daryn
    $1600 9
Lucian Freud

Laura
    $1600 14
objet d'art

Ed
    $1600 26
the International Space Station

Daryn
    $1600 4
the Etruscans

Ed
    $2000 22
(Alex: Less than a minute now.)

(Ricky) Jay

Daryn
    $2000 10
(Giorgio) Vasari

Ed
    $2000 15
obliques

Daryn
    $2000 25
Skylab

Ed
    $2000 5
(Ed: Who are the Aino?)
(Alex: Alex spells the correct response.)
[Ed's response was accepted as correct and the decision was reversed when the next Daily Double was uncovered.]

Ainu

Ed
Triple Stumper

Scores at the end of the Double Jeopardy! Round:

Ed Laura Daryn
$8,000 $5,000 $17,200
(lock game)

[wagering suggestions for these scores]

Final Jeopardy! Round responses

MOVIE SOUNDTRACKS
LauraWhat is Crazy Rich Asians?
$3,001
EdWhat is Crazy Rich Asians?
$2,100
DarynWhat is Crazy Rich Asians
$1,000
Crazy Rich Asians

Final scores:

Ed Laura Daryn
$10,100 $8,001 $18,200
2nd place: $2,000 3rd place: $1,000 New champion: $18,200

Game dynamics:

Coryat scores:

Ed Laura Daryn
$10,000 $6,000 $17,200
19 R
(including 1 DD),
7 W
(including 1 DD)
9 R,
3 W
(including 1 DD)
20 R,
2 W

Combined Coryat: $33,200

The J! Archive is created by fans, for fans. The Jeopardy! game show and all elements thereof, including but not limited to copyright and trademark thereto, are the property of Jeopardy Productions, Inc. and are protected under law. This website is not affiliated with, sponsored by, or operated by Jeopardy Productions, Inc. Join the discussion at JBoard.tv.